000 00482nam a2200169 i 4500
001 22637
003 ES-MaACL
005 20250828063238.0
007 t|
008 021204s1969 mx ||||1| spa d
100 1 _aAltamirano, Ignacio Manuel,
_d1834-1893
_920518
245 1 0 _aClemencia /
_cpor Igancio Manuel Altamirano.
260 _aMéxico :
_bEd. Nacional,
_c[1969]
300 _a315 p. ;
_c17 cm.
852 _aES-MaACL
_jE-9830
_bR.93702
999 _c22637
_d22637